| 000 | 01893nam a2200517 i 4500 | ||
|---|---|---|---|
| 001 | 45763 | ||
| 003 | KOSZ 005 | ||
| 005 | 20220609144623.0 | ||
| 008 | 150102s2004 pl a f f |000 0 pol | ||
| 015 | _aUWD 2016/27948 | ||
| 020 | _a8322925204 | ||
| 035 | _a991047352519705066 | ||
| 035 | _a(PL-WaBN)b51881251-48omnis_nlop | ||
| 035 | _ab51881251 | ||
| 035 | _a(OCoLC)749668515 | ||
| 035 | _azz2004917641 | ||
| 035 | _a(PL)b0000005188125 | ||
| 035 | _a(EXLNZ-48OMNIS_NETWORK)9910473574905606 | ||
| 040 |
_aWA N _cWA N _dKOSZ 005/HR |
||
| 080 | _a(075.8) | ||
| 080 | _a061.1 | ||
| 080 | _a327.7 | ||
| 080 | _a341.12 | ||
| 245 | 0 | 0 |
_aOrganizacje w stosunkach międzynarodowych : _bistota, mechanizmy działania, zasięg / _cpod red. Teresy Łoś-Nowak. |
| 250 | _aWyd. 4., poszerz. i uaktualnione. | ||
| 260 |
_aWrocław : _bWydawnictwo Uniwersytetu Wrocławskiego, _c2004. |
||
| 300 |
_a446, [1] s. : _bil. ; _c24 cm. |
||
| 336 |
_aTekst _btxt _2rdacontent |
||
| 337 |
_aBez urządzenia pośredniczącego _bn _2rdamedia |
||
| 338 |
_aWolumin _bnc _2rdacarrier |
||
| 380 | _aKsiążki | ||
| 388 | _a2001- | ||
| 490 | 1 |
_aActa Universitatis Wratislaviensis, _x0239-6661 ; _vno 2681 |
|
| 504 | _aBibliogr. s. 445-446. | ||
| 521 | 8 | _aDla studentów politologii, stosunków międzynarodowych, europeistyki, dziennikarstwa. | |
| 650 | 7 |
_aOrganizacje międzynarodowe _2DBN |
|
| 655 | 7 |
_aPodręczniki akademickie _2DBN |
|
| 658 | _aPolityka, politologia, administracja publiczna | ||
| 700 | 1 |
_aŁoś-Nowak, Teresa _d(1945- ) _eRedakcja |
|
| 710 | 2 |
_aWydawnictwo Uniwersytetu Wrocławskiego _4pbl |
|
| 830 | 0 |
_aActa Universitatis Wratislaviensis _vnr 2681 |
|
| 856 |
_uhttp://koha.tu.koszalin.pl/cgi-bin/koha/opac-detail.pl?biblionumber=45763 _yKatalog online BPK |
||
| 942 |
_2UKD _cKS |
||
| 999 |
_c45763 _d45763 |
||